Dictionary of local government in England and Wales / (Record no. 5391)
[ view plain ]
| 000 -LEADER | |
|---|---|
| fixed length control field | 00751cam a22002531 4500 |
| 001 - CONTROL NUMBER | |
| control field | 5391 |
| 003 - CONTROL NUMBER IDENTIFIER | |
| rucl marc code | BD-RjUL |
| 005 - DATE AND TIME OF LATEST TRANSACTION | |
| control field | 20211208234047.0 |
| 008 - FIXED-LENGTH DATA ELEMENTS--GENERAL INFORMATION | |
| fixed length control field | 131226s1962 enk 000 0 eng |
| 035 ## - SYSTEM CONTROL NUMBER | |
| System control number | (BD-RjUL)5427 |
| System control number | (OCoLC)181478 |
| 040 ## - CATALOGING SOURCE | |
| Original cataloging agency | DLC |
| Transcribing agency | OAU |
| Modifying agency | Uk |
| -- | DLC |
| -- | BD-RjUL |
| Language of cataloging | eng |
| 041 ## - LANGUAGE CODE | |
| Language code of text/sound track or separate title | eng |
| 082 04 - DEWEY DECIMAL CLASSIFICATION NUMBER | |
| Edition number | 18 |
| Classification number | 352.04 |
| Author mark and year | GOD 1962 |
| 100 1# - MAIN ENTRY--PERSONAL NAME | |
| Personal name | Golding, L. |
| Fuller form of name | (Louis), |
| Dates associated with a name | 1907- |
| 9 (RLIN) | 16939 |
| 245 10 - TITLE STATEMENT | |
| Title | Dictionary of local government in England and Wales / |
| Statement of responsibility, etc. | L Golding. |
| 260 ## - PUBLICATION, DISTRIBUTION, ETC. (IMPRINT) | |
| Place of publication, distribution, etc. | London : |
| Name of publisher, distributor, etc. | English Universities Press, |
| Date of publication, distribution, etc. | c1962. |
| 300 ## - PHYSICAL DESCRIPTION | |
| Pagination | 446 p. ; |
| Size | 21 cm. |
| 650 #0 - SUBJECT ADDED ENTRY--TOPICAL TERM | |
| Topical term or geographic name as entry element | Local government |
| Geographic subdivision | England. |
| 9 (RLIN) | 16940 |
| Topical term or geographic name as entry element | Local government |
| Geographic subdivision | Wales. |
| 9 (RLIN) | 16941 |
| 942 ## - ADDED ENTRY ELEMENTS (KOHA) | |
| Source of classification or shelving scheme | Dewey Decimal Classification |
| Koha item type | Books |
| Lost status | Source of classification or shelving scheme | Damaged status | Not for loan | Permanent Location | Current Location | Shelving location | Date acquired | Source of acquisition | Cost, normal purchase price | Total Checkouts | Full call number | Date last seen | Copy number | Koha item type |
|---|---|---|---|---|---|---|---|---|---|---|---|---|---|---|
| Dewey Decimal Classification | Not For Loan | Central Library, University of Rajshahi | Central Library, University of Rajshahi | 25/02/1964 | Zeitlinger | 25.00 | 352.04 GOD 1962 | 26/12/2013 | C-1 | Books |